[Event "Blitz 2018"]
[Site "Saint-Petersburg"]
[Date "2018.12.30"]
[Round "20"]
[Board "38"]
[White "Saric Ivan (CRO)"]
[Black "Savchenko Boris (RUS)"]
[Result "0-1"]
[LiveChessVersion "1.4.8"]
[BlackElo "2639"]
[WhiteElo "2572"]

1. e4 {[%clk 0:03:03]} c5 {[%clk 0:03:04]} 2. Nf3 {[%clk 0:03:04]} g6
{[%clk 0:03:05]} 3. d4 {[%clk 0:03:04]} cxd4 {[%clk 0:03:06]} 4. Nxd4
{[%clk 0:03:06]} Nc6 {[%clk 0:03:07]} 5. c4 {[%clk 0:03:07]} d6 {[%clk 0:03:08]}
6. Nc3 {[%clk 0:03:08]} Bg7 {[%clk 0:03:09]} 7. Be3 {[%clk 0:03:09]} Qb6
{[%clk 0:03:10]} 8. Ndb5 {[%clk 0:03:06]} Bxc3+ {[%clk 0:03:10]} 9. bxc3
{[%clk 0:03:01]} Qa5 {[%clk 0:03:12]} 10. Qb3 {[%clk 0:02:41]} Nf6
{[%clk 0:03:10]} 11. f3 {[%clk 0:02:33]} Be6 {[%clk 0:02:53]} 12. Kf2
{[%clk 0:02:25]} O-O {[%clk 0:02:50]} 13. Nd4 {[%clk 0:02:26]} Qc7
{[%clk 0:02:44]} 14. Nxe6 {[%clk 0:02:25]} fxe6 {[%clk 0:02:45]} 15. c5
{[%clk 0:02:27]} Ng4+ {[%clk 0:02:29]} 16. Ke2 {[%clk 0:02:24]} Nxe3
{[%clk 0:02:29]} 17. Kxe3 {[%clk 0:02:25]} d5 {[%clk 0:02:17]} 18. exd5
{[%clk 0:02:21]} Ne5 {[%clk 0:02:11]} 19. Qb4 {[%clk 0:01:40]} exd5
{[%clk 0:02:11]} 20. Be2 {[%clk 0:01:38]} Nc6 {[%clk 0:01:59]} 21. Qb3
{[%clk 0:01:28]} e6 {[%clk 0:02:00]} 22. Kf2 {[%clk 0:01:20]} Qe7
{[%clk 0:01:51]} 23. Qb5 {[%clk 0:01:19]} a6 {[%clk 0:01:51]} 24. Qb6
{[%clk 0:01:20]} Rac8 {[%clk 0:01:48]} 25. Rab1 {[%clk 0:01:21]} Rf7
{[%clk 0:01:43]} 26. Rhe1 {[%clk 0:01:19]} Nd8 {[%clk 0:00:56]} 27. c4
{[%clk 0:01:10]} dxc4 {[%clk 0:00:57]} 28. Rec1 {[%clk 0:01:08]} Rc6
{[%clk 0:00:53]} 29. Qb4 {[%clk 0:01:01]} Qh4+ {[%clk 0:00:53]} 30. Kg1
{[%clk 0:01:01]} Qd4+ {[%clk 0:00:53]} 31. Kf1 {[%clk 0:00:59]} Qxc5
{[%clk 0:00:44]} 32. Qxc5 {[%clk 0:00:53]} Rxc5 {[%clk 0:00:45]} 33. Rxc4
{[%clk 0:00:54]} Rxc4 {[%clk 0:00:40]} 34. Bxc4 {[%clk 0:00:55]} Rc7
{[%clk 0:00:39]} 35. Bb3 {[%clk 0:00:56]} Kf7 {[%clk 0:00:40]} 36. Kf2
{[%clk 0:00:55]} Nc6 {[%clk 0:00:39]} 37. h4 {[%clk 0:00:45]} Nd4
{[%clk 0:00:38]} 38. Bd1 {[%clk 0:00:46]} b5 {[%clk 0:00:37]} 39. g4
{[%clk 0:00:43]} e5 {[%clk 0:00:38]} 40. a4 {[%clk 0:00:43]} Ke6 {[%clk 0:00:39]}
41. axb5 {[%clk 0:00:43]} axb5 {[%clk 0:00:40]} 42. Ke3 {[%clk 0:00:41]} Kd5
{[%clk 0:00:40]} 43. Kd2 {[%clk 0:00:32]} Ra7 {[%clk 0:00:37]} 44. Rc1
{[%clk 0:00:29]} Ra2+ {[%clk 0:00:36]} 45. Ke3 {[%clk 0:00:30]} Ra3+
{[%clk 0:00:36]} 46. Kf2 {[%clk 0:00:30]} b4 {[%clk 0:00:36]} 47. Rc7
{[%clk 0:00:29]} Ra1 {[%clk 0:00:35]} 48. Ke1 {[%clk 0:00:20]} Nxf3+
{[%clk 0:00:35]} 49. Ke2 {[%clk 0:00:22]} Nd4+ 50. Kd2 h6 {[%clk 0:00:29]} 51.
Rb7 {[%clk 0:00:21]} Ra2+ {[%clk 0:00:25]} 52. Ke3 {[%clk 0:00:16]} Ra3+
{[%clk 0:00:25]} 53. Kd2 {[%clk 0:00:18]} Kc5 {[%clk 0:00:18]} 54. Rc7+
{[%clk 0:00:17]} Kd5 {[%clk 0:00:17]} 55. Rd7+ {[%clk 0:00:18]} Ke4
{[%clk 0:00:18]} 56. Rb7 {[%clk 0:00:16]} Rd3+ {[%clk 0:00:18]} 57. Kc1
{[%clk 0:00:17]} b3 {[%clk 0:00:19]} 58. Rb6 {[%clk 0:00:18]} Ke3
{[%clk 0:00:14]} 59. Rxg6 {[%clk 0:00:17]} b2+ {[%clk 0:00:14]} 60. Kxb2
{[%clk 0:00:18]} Rxd1 {[%clk 0:00:15]} 61. Rxh6 {[%clk 0:00:19]} e4
{[%clk 0:00:15]} 62. g5 {[%clk 0:00:21]} Kd3 {[%clk 0:00:15]} 63. Ra6
{[%clk 0:00:10]} e3 {[%clk 0:00:15]} 64. Ra3+ {[%clk 0:00:10]} Ke4
{[%clk 0:00:16]} 65. Ra8 {[%clk 0:00:08]} e2 {[%clk 0:00:17]} 66. Re8+
{[%clk 0:00:09]} Kd3 {[%clk 0:00:18]} 67. g6 {[%clk 0:00:10]} e1=Q
{[%clk 0:00:14]} 68. Rxe1 {[%clk 0:00:10]} Rxe1 {[%clk 0:00:15]} 69. h5
{[%clk 0:00:12]} Rg1 {[%clk 0:00:15]} 0-1

[Event "Blitz 2018"]
[Site "Saint-Petersburg"]
[Date "2018.12.30"]
[Round "20"]
[Board "39"]
[White "Popov Ivan (RUS)"]
[Black "Riazantsev Alexander (RUS)"]
[Result "1/2-1/2"]
[LiveChessVersion "1.4.8"]
[BlackElo "2633"]
[WhiteElo "2560"]

1. e4 {[%clk 0:03:03]} e6 {[%clk 0:03:04]} 2. d4 {[%clk 0:03:04]} d5
{[%clk 0:03:05]} 3. Nc3 {[%clk 0:03:05]} Bb4 {[%clk 0:03:06]} 4. exd5
{[%clk 0:03:06]} exd5 {[%clk 0:03:06]} 5. Bd3 {[%clk 0:03:07]} Nf6
{[%clk 0:03:01]} 6. Nge2 {[%clk 0:03:06]} O-O {[%clk 0:03:00]} 7. O-O
{[%clk 0:03:06]} c6 {[%clk 0:03:01]} 8. Ng3 {[%clk 0:03:02]} Re8 {[%clk 0:02:58]}
9. h3 {[%clk 0:02:58]} Nbd7 {[%clk 0:02:49]} 10. Qf3 {[%clk 0:02:58]} Nf8
{[%clk 0:02:48]} 11. Bg5 {[%clk 0:02:56]} Be7 {[%clk 0:02:37]} 12. Rae1
{[%clk 0:02:54]} Ne6 {[%clk 0:02:10]} 13. Be3 {[%clk 0:02:55]} Bf8
{[%clk 0:01:49]} 14. Nf5 {[%clk 0:02:38]} Bd7 {[%clk 0:01:44]} 15. Qg3
{[%clk 0:02:21]} Kh8 {[%clk 0:01:45]} 16. Nd6 {[%clk 0:01:57]} Bxd6
{[%clk 0:01:41]} 17. Qxd6 {[%clk 0:01:58]} Qb8 {[%clk 0:01:37]} 18. Qxb8
{[%clk 0:01:56]} Raxb8 {[%clk 0:01:38]} 19. Ne2 {[%clk 0:01:52]} Nf8
{[%clk 0:01:20]} 20. Bf4 {[%clk 0:01:49]} Rbc8 {[%clk 0:01:21]} 21. Ng3
{[%clk 0:01:46]} Ng6 {[%clk 0:01:21]} 22. Bd6 {[%clk 0:01:46]} Nh4
{[%clk 0:01:16]} 23. Be7 {[%clk 0:01:27]} Bxh3 {[%clk 0:00:35]} 24. Bxf6
{[%clk 0:01:22]} Rxe1 {[%clk 0:00:35]} 25. Bxh4 {[%clk 0:01:15]} Rxf1+
{[%clk 0:00:36]} 26. Kxf1 {[%clk 0:01:15]} Be6 {[%clk 0:00:38]} 27. Be7
{[%clk 0:01:12]} Kg8 {[%clk 0:00:36]} 28. Bd6 {[%clk 0:01:08]} g6
{[%clk 0:00:35]} 29. Ne2 {[%clk 0:01:07]} f6 {[%clk 0:00:36]} 30. Nf4
{[%clk 0:01:06]} Kf7 {[%clk 0:00:34]} 31. Nxe6 {[%clk 0:01:05]} Kxe6
{[%clk 0:00:35]} 32. Bg3 {[%clk 0:01:06]} Re8 {[%clk 0:00:35]} 33. f3 a6 34. a4
{[%clk 0:00:59]} Kf7 {[%clk 0:00:37]} 35. a5 {[%clk 0:00:59]} h5 {[%clk 0:00:38]}
36. Kf2 {[%clk 0:00:55]} Re6 {[%clk 0:00:39]} 37. Bc7 {[%clk 0:00:55]} Re7
{[%clk 0:00:40]} 38. Bd6 {[%clk 0:00:56]} Re6 {[%clk 0:00:42]} 39. Bb4
{[%clk 0:00:56]} Re8 {[%clk 0:00:38]} 40. b3 {[%clk 0:00:56]} Rd8
{[%clk 0:00:35]} 41. Bc5 {[%clk 0:00:53]} Rg8 {[%clk 0:00:36]} 42. c3
{[%clk 0:00:45]} Ke6 {[%clk 0:00:37]} 43. Ba3 {[%clk 0:00:41]} h4
{[%clk 0:00:39]} 44. Bc1 {[%clk 0:00:32]} g5 {[%clk 0:00:40]} 45. g4
{[%clk 0:00:30]} hxg3+ {[%clk 0:00:41]} 46. Kxg3 Rh8 47. Kg2 {[%clk 0:00:28]} Rh4
{[%clk 0:00:44]} 48. Be3 {[%clk 0:00:27]} Rh8 {[%clk 0:00:45]} 49. Bf2
{[%clk 0:00:27]} Rc8 {[%clk 0:00:45]} 50. b4 {[%clk 0:00:26]} Rh8
{[%clk 0:00:46]} 51. Bg3 {[%clk 0:00:27]} Rh6 {[%clk 0:00:40]} 52. Bf2
{[%clk 0:00:23]} Rh8 {[%clk 0:00:41]} 53. Bf1 {[%clk 0:00:19]} f5
{[%clk 0:00:40]} 54. Bd3 {[%clk 0:00:20]} Kf6 {[%clk 0:00:40]} 55. Bg3
{[%clk 0:00:18]} f4 {[%clk 0:00:42]} 56. Bf2 {[%clk 0:00:19]} Re8
{[%clk 0:00:43]} 57. Kf1 {[%clk 0:00:20]} Rh8 {[%clk 0:00:44]} 58. Bg1
{[%clk 0:00:20]} Re8 {[%clk 0:00:39]} 59. Bf2 {[%clk 0:00:20]} Re7
{[%clk 0:00:40]} 60. Kg2 {[%clk 0:00:15]} Re8 {[%clk 0:00:41]} 61. Kh3
{[%clk 0:00:15]} Rh8+ {[%clk 0:00:43]} 62. Kg2 {[%clk 0:00:16]} Re8
{[%clk 0:00:44]} 63. Kf1 {[%clk 0:00:15]} Rh8 {[%clk 0:00:44]} 64. Kg1
{[%clk 0:00:14]} Re8 {[%clk 0:00:45]} 65. Bf1 {[%clk 0:00:14]} Re7
{[%clk 0:00:46]} 66. Bd3 {[%clk 0:00:13]} Re8 {[%clk 0:00:45]} 67. Kf1
{[%clk 0:00:12]} Rh8 {[%clk 0:00:47]} 68. Kg2 {[%clk 0:00:11]} Re8
{[%clk 0:00:48]} 69. Kf1 {[%clk 0:00:12]} Re7 {[%clk 0:00:49]} 70. Kg2
{[%clk 0:00:13]} Re8 {[%clk 0:00:50]} 71. Kf1 {[%clk 0:00:14]} Rh8
{[%clk 0:00:45]} 72. Kg2 {[%clk 0:00:15]} Rg8 {[%clk 0:00:46]} 73. Kh3
{[%clk 0:00:15]} Rh8+ {[%clk 0:00:46]} 74. Kg2 {[%clk 0:00:17]} Ke6
{[%clk 0:00:46]} 75. Kf1 {[%clk 0:00:17]} Rh1+ {[%clk 0:00:46]} 76. Bg1
{[%clk 0:00:18]} Kf6 {[%clk 0:00:43]} 77. Kg2 {[%clk 0:00:19]} Rh8
{[%clk 0:00:44]} 78. Bf2 {[%clk 0:00:20]} Re8 {[%clk 0:00:44]} 79. Kf1
{[%clk 0:00:22]} Rg8 {[%clk 0:00:38]} 80. Be2 {[%clk 0:00:22]} Kg6
{[%clk 0:00:33]} 81. Bd3+ {[%clk 0:00:22]} Kf6 {[%clk 0:00:32]} 82. Be2
{[%clk 0:00:24]} Re8 {[%clk 0:00:29]} 83. Bd1 {[%clk 0:00:25]} Re7
{[%clk 0:00:26]} 84. Be2 {[%clk 0:00:25]} Re8 {[%clk 0:00:23]} 85. Bd3
{[%clk 0:00:26]} Re7 {[%clk 0:00:24]} 86. Kg1 {[%clk 0:00:27]} Re8
{[%clk 0:00:25]} 87. Kg2 {[%clk 0:00:28]} Re7 {[%clk 0:00:27]} 88. Kg1
{[%clk 0:00:29]} Re8 {[%clk 0:00:28]} 1/2-1/2

[Event "Blitz 2018"]
[Site "Saint-Petersburg"]
[Date "2018.12.30"]
[Round "20"]
[Board "40"]
[White "Al-Sayed Mohammed (QAT)"]
[Black "Sarana Alexey (RUS)"]
[Result "0-1"]
[LiveChessVersion "1.4.8"]
[BlackElo "2616"]
[WhiteElo "2547"]

1. d4 {[%clk 0:03:02]} Nf6 {[%clk 0:03:00]} 2. c4 {[%clk 0:03:03]} g6
{[%clk 0:03:00]} 3. Nc3 {[%clk 0:03:03]} d5 {[%clk 0:03:01]} 4. Nf3
{[%clk 0:03:04]} Bg7 {[%clk 0:03:02]} 5. h4 {[%clk 0:03:04]} c6 {[%clk 0:03:00]}
6. cxd5 {[%clk 0:03:04]} cxd5 {[%clk 0:03:01]} 7. Bf4 {[%clk 0:03:05]} O-O
{[%clk 0:03:00]} 8. e3 {[%clk 0:03:02]} Bf5 {[%clk 0:03:01]} 9. Be2
{[%clk 0:02:56]} Nc6 {[%clk 0:03:02]} 10. Qb3 {[%clk 0:02:52]} Na5
{[%clk 0:02:59]} 11. Qa3 {[%clk 0:02:47]} Ne4 {[%clk 0:02:45]} 12. Nxe4
{[%clk 0:02:37]} Bxe4 {[%clk 0:02:45]} 13. O-O {[%clk 0:02:36]} Nc4
{[%clk 0:02:35]} 14. Qc3 {[%clk 0:02:28]} Rc8 {[%clk 0:02:31]} 15. b3
{[%clk 0:02:29]} Bxf3 {[%clk 0:02:22]} 16. Bxf3 {[%clk 0:02:26]} Ne5
{[%clk 0:02:22]} 17. Qb4 {[%clk 0:02:21]} Nxf3+ {[%clk 0:02:19]} 18. gxf3
{[%clk 0:02:22]} Qd7 {[%clk 0:02:20]} 19. Rac1 {[%clk 0:02:15]} Bf6
{[%clk 0:02:13]} 20. Bg3 {[%clk 0:02:11]} b6 {[%clk 0:02:14]} 21. Kg2
{[%clk 0:02:10]} Kg7 {[%clk 0:01:55]} 22. a4 {[%clk 0:01:30]} Qb7
{[%clk 0:01:19]} 23. h5 {[%clk 0:01:10]} gxh5 {[%clk 0:01:13]} 24. Rh1
{[%clk 0:01:00]} Rxc1 {[%clk 0:01:12]} 25. Rxc1 {[%clk 0:01:01]} h4
{[%clk 0:00:49]} 26. Rc7 {[%clk 0:01:00]} Qa6 {[%clk 0:00:51]} 27. Be5
{[%clk 0:00:53]} h3+ {[%clk 0:00:47]} 28. Kg1 {[%clk 0:00:33]} Rg8
{[%clk 0:00:25]} 29. Qxe7 {[%clk 0:00:27]} Kh6+ {[%clk 0:00:25]} 0-1

[Event "Blitz 2018"]
[Site "Saint-Petersburg"]
[Date "2018.12.30"]
[Round "20"]
[Board "41"]
[White "Rakhmanov Aleksandr (RUS)"]
[Black "Yudin Sergei (RUS)"]
[Result "0-1"]
[LiveChessVersion "1.4.8"]
[BlackElo "2533"]
[WhiteElo "2615"]

1. c4 {[%clk 0:03:03]} e5 {[%clk 0:03:03]} 2. Nf3 {[%clk 0:03:03]} Nc6
{[%clk 0:03:04]} 3. d4 {[%clk 0:03:04]} exd4 {[%clk 0:03:04]} 4. Nxd4
{[%clk 0:03:05]} g6 {[%clk 0:03:05]} 5. Nxc6 {[%clk 0:03:05]} bxc6
{[%clk 0:03:05]} 6. g3 {[%clk 0:03:06]} Bg7 {[%clk 0:03:06]} 7. Bg2
{[%clk 0:03:07]} Ne7 {[%clk 0:03:00]} 8. O-O {[%clk 0:03:07]} O-O
{[%clk 0:03:00]} 9. Nc3 {[%clk 0:03:08]} Rb8 {[%clk 0:02:55]} 10. Qa4
{[%clk 0:03:08]} a6 {[%clk 0:02:55]} 11. Rd1 {[%clk 0:03:04]} c5 {[%clk 0:02:44]}
12. Qc2 {[%clk 0:03:01]} d6 {[%clk 0:02:44]} 13. b3 {[%clk 0:02:54]} Bf5
{[%clk 0:02:38]} 14. Qd2 {[%clk 0:02:49]} Qd7 {[%clk 0:02:29]} 15. Bb2
{[%clk 0:02:50]} Rfe8 {[%clk 0:02:28]} 16. e3 {[%clk 0:02:41]} h5
{[%clk 0:01:59]} 17. h4 {[%clk 0:02:35]} Bg4 {[%clk 0:01:58]} 18. Re1
{[%clk 0:02:36]} Nc6 {[%clk 0:01:46]} 19. Nd5 {[%clk 0:02:30]} Ne5
{[%clk 0:01:47]} 20. f4 {[%clk 0:02:13]} Nxc4 {[%clk 0:01:47]} 21. bxc4
{[%clk 0:02:03]} Rxb2 {[%clk 0:01:47]} 22. Qa5 {[%clk 0:01:55]} Bh3
{[%clk 0:01:10]} 23. Bf3 {[%clk 0:01:49]} Bg4 {[%clk 0:01:07]} 24. Qxc7
{[%clk 0:01:39]} Qa4 {[%clk 0:00:45]} 25. Ne7+ {[%clk 0:00:43]} Rxe7
{[%clk 0:00:41]} 0-1

[Event "Blitz 2018"]
[Site "Saint-Petersburg"]
[Date "2018.12.30"]
[Round "20"]
[Board "42"]
[White "Salgado Lopez Ivan (ESP)"]
[Black "Mchedlishvili Mikheil (GEO)"]
[Result "0-1"]
[LiveChessVersion "1.4.8"]
[BlackElo "2607"]
[WhiteElo "2513"]

1. d4 {[%clk 0:03:02]} d6 {[%clk 0:03:03]} 2. c3 {[%clk 0:03:03]} e5
{[%clk 0:02:54]} 3. e4 {[%clk 0:02:55]} Nc6 {[%clk 0:02:46]} 4. Nf3
{[%clk 0:02:53]} Nf6 {[%clk 0:02:30]} 5. dxe5 {[%clk 0:02:40]} Nxe5
{[%clk 0:02:24]} 6. Nxe5 {[%clk 0:02:40]} dxe5 {[%clk 0:02:25]} 7. Qxd8+
{[%clk 0:02:39]} Kxd8 {[%clk 0:02:26]} 8. f3 {[%clk 0:02:36]} Bc5
{[%clk 0:02:16]} 9. b4 {[%clk 0:02:33]} Bd6 {[%clk 0:02:12]} 10. Be3
{[%clk 0:02:24]} a5 {[%clk 0:02:10]} 11. b5 {[%clk 0:02:24]} Ke7 {[%clk 0:02:09]}
12. Nd2 {[%clk 0:02:20]} Be6 {[%clk 0:02:10]} 13. Nc4 {[%clk 0:02:17]} Nd7
{[%clk 0:02:03]} 14. a4 {[%clk 0:01:59]} f6 {[%clk 0:01:57]} 15. Be2
{[%clk 0:01:59]} Bc5 {[%clk 0:01:56]} 16. Kf2 {[%clk 0:01:55]} Bxe3+
{[%clk 0:01:56]} 17. Kxe3 {[%clk 0:01:55]} b6 {[%clk 0:01:54]} 18. Kd2
{[%clk 0:01:31]} Nc5 {[%clk 0:01:53]} 19. Kc2 {[%clk 0:01:32]} Rad8
{[%clk 0:01:49]} 20. Ne3 {[%clk 0:01:33]} Rd7 {[%clk 0:01:39]} 21. c4
{[%clk 0:01:32]} Rd4 {[%clk 0:01:31]} 22. Rhd1 {[%clk 0:01:19]} Rhd8
{[%clk 0:01:26]} 23. Nd5+ {[%clk 0:01:15]} Bxd5 {[%clk 0:01:25]} 24. exd5
{[%clk 0:01:16]} Rxd1 {[%clk 0:01:14]} 25. Bxd1 {[%clk 0:01:16]} Kd6
{[%clk 0:01:15]} 26. Kc3 {[%clk 0:01:17]} f5 {[%clk 0:01:05]} 27. Bc2
{[%clk 0:01:18]} g6 {[%clk 0:01:06]} 28. Re1 {[%clk 0:01:17]} Re8
{[%clk 0:01:08]} 29. Kd2 {[%clk 0:01:17]} Re7 {[%clk 0:01:07]} 30. h4
{[%clk 0:01:16]} Nb7 {[%clk 0:01:02]} 31. h5 {[%clk 0:01:13]} Kc5
{[%clk 0:01:03]} 32. hxg6 {[%clk 0:00:40]} hxg6 {[%clk 0:01:04]} 33. Rh1
{[%clk 0:00:41]} Kxc4 {[%clk 0:00:54]} 34. Rh6 {[%clk 0:00:40]} Rg7
{[%clk 0:00:55]} 35. Bd3+ {[%clk 0:00:35]} Kb4 {[%clk 0:00:55]} 36. g4
{[%clk 0:00:34]} Nd6 {[%clk 0:00:52]} 37. g5 {[%clk 0:00:36]} Kxa4
{[%clk 0:00:51]} 38. Rh1 {[%clk 0:00:36]} Kb4 {[%clk 0:00:44]} 39. Re1
{[%clk 0:00:31]} e4 {[%clk 0:00:43]} 40. fxe4 {[%clk 0:00:30]} fxe4
{[%clk 0:00:44]} 41. Bxe4 {[%clk 0:00:30]} Nxe4+ {[%clk 0:00:40]} 42. Rxe4+
{[%clk 0:00:31]} Kxb5 {[%clk 0:00:41]} 43. Kd3 {[%clk 0:00:30]} Kc5
{[%clk 0:00:42]} 44. Re5 {[%clk 0:00:26]} Rd7 {[%clk 0:00:41]} 45. Ke4
{[%clk 0:00:27]} b5 {[%clk 0:00:40]} 46. Re6 {[%clk 0:00:29]} Rd6
{[%clk 0:00:41]} 47. Re7 {[%clk 0:00:30]} Kb6 {[%clk 0:00:42]} 48. Re6
{[%clk 0:00:27]} b4 {[%clk 0:00:42]} 49. Kd4 {[%clk 0:00:26]} Kb5
{[%clk 0:00:39]} 50. Re8 {[%clk 0:00:26]} a4 {[%clk 0:00:39]} 51. Ra8
{[%clk 0:00:25]} a3 {[%clk 0:00:38]} 0-1

[Event "Blitz 2018"]
[Site "Saint-Petersburg"]
[Date "2018.12.30"]
[Round "20"]
[Board "43"]
[White "Tang Andrew (USA)"]
[Black "Lintchevski Daniil (RUS)"]
[Result "1-0"]
[LiveChessVersion "1.4.8"]
[BlackElo "2594"]
[WhiteElo "2501"]

1. d4 {[%clk 0:03:03]} d5 {[%clk 0:03:03]} 2. Bf4 {[%clk 0:03:04]} c5
{[%clk 0:03:04]} 3. e3 {[%clk 0:03:05]} Nc6 {[%clk 0:03:04]} 4. Nf3
{[%clk 0:03:06]} Nf6 {[%clk 0:02:58]} 5. Nbd2 {[%clk 0:03:06]} e6
{[%clk 0:02:42]} 6. c3 {[%clk 0:03:07]} Be7 {[%clk 0:02:40]} 7. Ne5
{[%clk 0:03:06]} Nxe5 {[%clk 0:02:31]} 8. dxe5 {[%clk 0:03:07]} Nd7
{[%clk 0:02:30]} 9. Bd3 {[%clk 0:03:06]} b6 {[%clk 0:02:10]} 10. h4
{[%clk 0:03:01]} Bb7 {[%clk 0:02:08]} 11. Qg4 {[%clk 0:03:01]} g6
{[%clk 0:01:59]} 12. h5 {[%clk 0:03:01]} g5 {[%clk 0:01:56]} 13. Bg3
{[%clk 0:03:02]} h6 {[%clk 0:01:51]} 14. f4 {[%clk 0:03:03]} Qc7 {[%clk 0:01:48]}
15. Nf3 {[%clk 0:02:53]} O-O-O {[%clk 0:01:48]} 16. fxg5 {[%clk 0:02:53]} hxg5
{[%clk 0:01:46]} 17. h6 {[%clk 0:02:54]} c4 {[%clk 0:01:34]} 18. Bc2
{[%clk 0:02:55]} Nc5 {[%clk 0:01:35]} 19. O-O-O {[%clk 0:02:50]} Ne4
{[%clk 0:01:35]} 20. h7 {[%clk 0:02:37]} b5 {[%clk 0:01:19]} 21. Bxe4
{[%clk 0:02:32]} dxe4 {[%clk 0:01:20]} 22. Nxg5 {[%clk 0:02:32]} Rxd1+
{[%clk 0:01:16]} 23. Rxd1 {[%clk 0:02:33]} Bc5 {[%clk 0:01:04]} 24. Nxe6
{[%clk 0:02:28]} fxe6 {[%clk 0:01:00]} 25. Qg8+ {[%clk 0:02:27]} 1-0

[Event "Blitz 2018"]
[Site "Saint-Petersburg"]
[Date "2018.12.30"]
[Round "20"]
[Board "44"]
[White "Usmanov Vasily (RUS)"]
[Black "Smirin Ilia (ISR)"]
[Result "1-0"]
[LiveChessVersion "1.4.8"]
[BlackElo "2582"]
[WhiteElo "2459"]

1. b3 {[%clk 0:03:03]} c5 {[%clk 0:03:01]} 2. Bb2 {[%clk 0:03:04]} Nc6
{[%clk 0:03:01]} 3. Nf3 {[%clk 0:03:05]} Nf6 {[%clk 0:02:59]} 4. e3
{[%clk 0:03:05]} d6 {[%clk 0:02:57]} 5. d4 {[%clk 0:03:03]} cxd4 {[%clk 0:02:57]}
6. Nxd4 {[%clk 0:03:04]} g6 {[%clk 0:02:52]} 7. Nxc6 {[%clk 0:03:01]} bxc6
{[%clk 0:02:53]} 8. Bxf6 {[%clk 0:02:59]} exf6 {[%clk 0:02:54]} 9. c4
{[%clk 0:02:59]} Bg7 {[%clk 0:02:53]} 10. Nc3 {[%clk 0:02:59]} f5
{[%clk 0:02:51]} 11. Rc1 {[%clk 0:03:00]} O-O {[%clk 0:02:49]} 12. Be2
{[%clk 0:03:01]} Be6 {[%clk 0:02:31]} 13. O-O {[%clk 0:02:58]} Qa5
{[%clk 0:02:26]} 14. Qd2 {[%clk 0:02:43]} Rfd8 {[%clk 0:02:27]} 15. Rfd1
{[%clk 0:02:43]} Rab8 {[%clk 0:02:12]} 16. Bf3 {[%clk 0:02:42]} Rbc8
{[%clk 0:02:00]} 17. Ne2 {[%clk 0:02:40]} Qb6 {[%clk 0:01:41]} 18. Nf4
{[%clk 0:02:32]} a5 {[%clk 0:01:42]} 19. h4 {[%clk 0:02:23]} a4 {[%clk 0:01:38]}
20. bxa4 {[%clk 0:02:15]} Ra8 {[%clk 0:01:34]} 21. Qc2 {[%clk 0:02:02]} Qc5
{[%clk 0:01:29]} 22. Nd3 {[%clk 0:01:51]} Qb6 {[%clk 0:01:30]} 23. c5
{[%clk 0:01:48]} Qa7 {[%clk 0:01:15]} 24. cxd6 {[%clk 0:01:25]} Rxd6
{[%clk 0:01:15]} 25. Nc5 {[%clk 0:01:25]} Bd5 {[%clk 0:01:08]} 26. Bxd5
{[%clk 0:01:22]} cxd5 {[%clk 0:01:07]} 27. Qb3 {[%clk 0:01:07]} Rc8
{[%clk 0:00:57]} 28. Qb7 {[%clk 0:00:47]} Ra8 {[%clk 0:00:52]} 29. Qxa7
{[%clk 0:00:45]} Rxa7 {[%clk 0:00:53]} 30. Rb1 {[%clk 0:00:43]} h5
{[%clk 0:00:37]} 31. a5 {[%clk 0:00:43]} d4 {[%clk 0:00:32]} 32. a6
{[%clk 0:00:43]} Ra8 {[%clk 0:00:25]} 33. Rb7 {[%clk 0:00:42]} Rd5
{[%clk 0:00:25]} 34. a7 {[%clk 0:00:34]} Rxc5 {[%clk 0:00:24]} 35. Rb8+
{[%clk 0:00:21]} Rc8 {[%clk 0:00:25]} 36. Rxc8+ {[%clk 0:00:22]} Rxc8
{[%clk 0:00:25]} 37. Rb1 {[%clk 0:00:22]} Be5 {[%clk 0:00:24]} 38. exd4
{[%clk 0:00:23]} Bd6 {[%clk 0:00:25]} 39. g3 {[%clk 0:00:18]} Kf8
{[%clk 0:00:23]} 40. Rb7 {[%clk 0:00:19]} Ke8 {[%clk 0:00:20]} 41. Kg2
{[%clk 0:00:19]} Ra8 {[%clk 0:00:21]} 42. Kf3 {[%clk 0:00:16]} Rc8
{[%clk 0:00:11]} 43. Ke3 {[%clk 0:00:12]} Rc3+ {[%clk 0:00:11]} 44. Kd2
{[%clk 0:00:12]} Rc8 {[%clk 0:00:12]} 45. Kd3 {[%clk 0:00:12]} Kf8
{[%clk 0:00:11]} 46. f4 {[%clk 0:00:13]} Ke8 {[%clk 0:00:12]} 47. a4
{[%clk 0:00:14]} Kf8 {[%clk 0:00:12]} 48. a5 {[%clk 0:00:12]} Ke8
{[%clk 0:00:13]} 49. a6 {[%clk 0:00:13]} Kf8 {[%clk 0:00:13]} 50. Rd7
{[%clk 0:00:13]} Be7 {[%clk 0:00:13]} 51. Rc7 {[%clk 0:00:08]} Ra8
{[%clk 0:00:14]} 52. Kc4 {[%clk 0:00:09]} Bd6 {[%clk 0:00:09]} 53. Rd7
{[%clk 0:00:09]} Ba3 {[%clk 0:00:07]} 54. Kd5 {[%clk 0:00:08]} Ke8
{[%clk 0:00:08]} 55. Rb7 {[%clk 0:00:09]} Rd8+ {[%clk 0:00:09]} 56. Kc6
{[%clk 0:00:10]} Bd6 {[%clk 0:00:09]} 57. d5 {[%clk 0:00:08]} f6 {[%clk 0:00:05]}
58. Rg7 {[%clk 0:00:04]} Be7 {[%clk 0:00:03]} 59. Rg8+ {[%clk 0:00:03]} Bf8
{[%clk 0:00:04]} 60. Rxg6 {[%clk 0:00:04]} Kf7 {[%clk 0:00:06]} 61. Kc7
{[%clk 0:00:04]} Re8 {[%clk 0:00:06]} 62. d6 {[%clk 0:00:05]} Kxg6
{[%clk 0:00:07]} 63. d7 {[%clk 0:00:06]} Ra8 {[%clk 0:00:08]} 64. d8=Q
{[%clk 0:00:05]} Rxa7+ {[%clk 0:00:08]} 65. Kb6 {[%clk 0:00:06]} Rf7
{[%clk 0:00:09]} 66. Qe8 {[%clk 0:00:07]} Kg7 {[%clk 0:00:10]} 67. Qxf7+
{[%clk 0:00:06]} Kxf7 {[%clk 0:00:10]} 68. a7 {[%clk 0:00:08]} 1-0